Řízení podniku zahraničního obchodu v nových podmínkách.
Postavenie podnikov zahraničného obchodu sa mení v súvislosti so stratou monopolného postavenia na našom trhu. Ich úlohou je vytváranie podnikateľského priestoru, kľúčovým sa stáva obchodný referát. Vytvorenie plochej organizačnej štruktúry podniku založenej na vysokej podnikateľskej samostatnosti o...
Enregistré dans:
| Auteur principal: | |
|---|---|
| Format: | Chapitre de livre |
| Langue: | tchèque |
| Sujets: | |
| Tags: |
Pas de tags, Soyez le premier à ajouter un tag!
|
MARC
| LEADER | 00000naa a2200000 4500 | ||
|---|---|---|---|
| 001 | r003583 | ||
| 005 | 20221125080534.9 | ||
| 041 | 0 | |a cze | |
| 044 | |a [CS] | ||
| 245 | 1 | 0 | |a Řízení podniku zahraničního obchodu v nových podmínkách. |c S. Vácha |
| 520 | |a Postavenie podnikov zahraničného obchodu sa mení v súvislosti so stratou monopolného postavenia na našom trhu. Ich úlohou je vytváranie podnikateľského priestoru, kľúčovým sa stáva obchodný referát. Vytvorenie plochej organizačnej štruktúry podniku založenej na vysokej podnikateľskej samostatnosti obchodných skupín a na vymedzenej pôsobnosti vedenia podniku. | ||
| 610 | 2 | 0 | |a riadenie podnikové |
| 610 | 2 | 0 | |a podnikanie obchodné |
| 610 | 2 | 0 | |a samostatnosť podnikov |
| 610 | 2 | 0 | |a organizácie obchodu zahraničného |
| 100 | 1 | |a Vácha, S. | |